| Registos Bibliográficos associados ao registo de autoridade |
|
Etiqueta de registo: 00230nam 2200025 450 001 1507678 003 http://id.bnportugal.gov.pt/bib/catbnp/1507678 100 ## $a20070102d2005 k y0pory0103 ba 101 0# $apor $dger 102 ## $aPT 105 ## $aa m 000yy 106 ## $ar 200 1# $aDo inventário à invenção$bTexto policopiado]$ecinema, arquivo, memória$fSusana de Sousa Dias de Macedo$gorient. Carlos Couto Sequeira Costa 210 #9 $aLisboa$c[s.n.],$d2005 215 ## $a215, [2] f., em pasta de cartão$cil.$d32 cm$e1 disco óptico (DVD) em caixa$enature morte stilleben (33 f.) 320 ## $aBibliografia, f. 208-215 328 #0 $bTese mestr.$cEstética e Filosofia da Arte$eFac. de Letras, Univ. de Lisboa$d2005 606 ## $aFilmes cinematográficos de compilação$j[Teses]$2SIPOR$31320451 606 ## $aFilmes cinematográficos de compilação$xImportância das filmotecas$j[Teses]$2SIPOR$31320453 675 ## $a791.229(043)$vBN$zpor$31268522 675 ## $a026.06(043)$vBN$zpor$31320455 675 ## $a791-2(043)$vBN$zpor$31320460 700 #1 $aMacedo,$bSusana de Sousa Dias de$31271328 702 #1 $aCosta,$bCarlos Couto Sequeira,$f1956-$4727$397612 712 02 $aUniversidade de Lisboa.$bFaculdade de Letras$4295$320098 801 #0 $aPT$bBN$gRPC 966 ## $lBN$mFGMON$sB.A. 3451 A.$x1
Etiqueta de registo: 00000nam 2200025 450 001 1881359 003 http://id.bnportugal.gov.pt/bib/catbnp/1881359 100 ## $a20140812d2013 k y0pory01030103ba 101 0# $apor$deng 102 ## $aPT 105 ## $aa m 000yy 106 ## $ar 200 1# $aAbrir a história$e a imagem de arquivo e o movimento desacelerado$e um estudo teórico-prático a partir dos filmes Natureza morta e 48$fSusana de Sousa Dias de Macedo$gorient. Sílvia Lamy Tavares Chicó 210 #9 $aLisboa$c[s.n.],$d2013 215 ## $a237 f.$cil.$d30 cm$eanexos: 2 discos óticos (CD-ROM) em bolsa$edeclaração ([2] f.) 320 ## $aBibliografia, p. 226-236 328 #1 $aTese dout. Arte Multimédia (Audiovisuais), Fac. de Belas Artes, Univ. de Lisboa, 2013 675 ## $a791.229(043)$vBN$zpor$31268522 675 ## $a026.06(043)$vBN$zpor$31320455 700 #1 $aMacedo,$bSusana de Sousa Dias de$31271328 702 #1 $aChicó,$bSílvia Lamy Tavares$4727$31549251 801 #0 $aPT$bBN$gRPC 966 ## $lBN$mFGMON$sB.A. 37624 V.$x1
Etiqueta de registo: 00000nam 2200025 450 001 2040144 003 http://id.bnportugal.gov.pt/bib/catbnp/2040144 100 ## $a20200206d2018 k y0pory01030103ba 101 0# $apor$deng 102 ## $aPT 105 ## $aa m 000yy 106 ## $ar 200 1# $aCriação fílmica partilhada entre personagem que realiza e uma realizadora que atua$f o processo de construção de Rua dos anjos$fRenata Christiane Ferraz$gorient. Susana de Sousa Dias de Macedo, Clara Maria Abreu Rowland 210 #9 $aLisboa$c[s.n.],$d2018 215 ## $a268 p.$cil.$d30 cm 328 #1 $aTese dout. Conhecimento em Artes, Fac. de Letras, Univ. de Lisboa, 2018 675 ## $a791.229(469)(043)$vBN$zpor$31419158 675 ## $a791.3(043)$vBN$zpor$31232506 675 ## $a791.63(043)$vBN$zpor$31185345 700 #1 $aFerraz,$bRenata Christiane$31775766 702 #1 $aMacedo,$bSusana de Sousa Dias de$4727$31271328 702 #1 $aRowland,$bClara,$f1978-$4727$3277683 801 #0 $aPT$bBN$gRPC 966 ## $lBN$mFGMON$sB.A. 45117 V.$x1
Etiqueta de registo: 00000nam 2200025 450 001 2075178 003 http://id.bnportugal.gov.pt/bib/catbnp/2075178 100 ## $a20210706d2020 k y0pory01030103ba 101 0# $apor$dfre 102 ## $aPT 105 ## $aa m 000yy 106 ## $ar 200 1# $aFound footage na era digital$eespecificidades da montagem nos filmes baseados em arquivos amadores e familiares$fMaria Ganem Müller$gorient. Susana de Sousa Dias de Macedo 210 #9 $aLisboa$c[s.n.],$d2020 215 ## $a[9], 156, [1] f.$cil.$d30 cm$e1 CD-ROM 328 #1 $aTese dout. Belas-Artes (Audiovisuais), Faculdade de Belas-Artes, Universidade de Lisboa,
2020 675 ## $a791(043)$vBN$zpor$31324620 700 #1 $aMüller,$bMaria Ganem$31813953 702 #1 $aMacedo,$bSusana de Sousa Dias de$4727$31271328 801 #0 $aPT$bBN$gRPC 856 40 $2Cópia digital disponível no Repositório Universidade de Lisboa$uhttp://hdl.handle.net/10451/48403 966 ## $lBN$mFGMON$sB.A. 46390 V.$x1 972 ## $e0$d20211028$visantos 973 ## $cmmoinhos$d20211026
Etiqueta de registo: 00254nam 2200025 450 001 2287552 003 http://id.bnportugal.gov.pt/bib/catbnp/2287552 100 ## $a20260608d2025 k y0pory01030103ba 101 0# $aspa$dpor 102 ## $aPT 105 ## $aa m 000yy 106 ## $ar 200 1# $a La opacidad como potencia$e una investigación cinematográfica a partir de 918 gau$fMaría Aranzazu Santesteban Pérez$gorient. Susana de Sousa Dias de Macedo, Ana Longoni 210 #9 $aLisboa$c[s.n.],$d2025 215 ## $a179 p., [19] f.$cil.$d31 cm 328 #1 $aTese dout. Belas-Artes (Arte Multimédia), Faculdade de Belas-Artes da Universidade
de Lisboa, 2025 700 #1 $aSantesteban Pérez,$bMaría Aranzazu,$f1979-$32000148 702 #1 $aMacedo,$bSusana de Sousa Dias de$4727$31271328 702 #1 $aLongoni,$bAna,$f1967-$4727$32000150 801 #0 $aPT$bBN$gRPC 966 ## $lBN$mFGMON$x1 971 ## $cabrito$d20260608
Etiqueta de registo: 00254nam 2200025 450 001 2288618 003 http://id.bnportugal.gov.pt/bib/catbnp/2288618 100 ## $a20260623d2025 k y0pory01030103ba 101 0# $apor$deng 102 ## $aPT 105 ## $aa m 001yy 106 ## $ar 200 1# $aCarpe diem, Housini is not dead$efragmentação, performatividade e memória no movimento entre as imagens do quotidiano$fMiguel Novais Jasmins Rodrigues$gorient. Susana de sousa Dias de Macedo, Eduardo Manuel Dias de Brito-Henriques 210 #9 $aLisboa$c[s.n.],$d2025 215 ## $a[10], 248, 56 p.$cil$d30 cm 328 #1 $aTese dout. Belas-Artes (Arte Multimédia), Faculdade de Belas-Artes da Universidade
de Lisboa, 2025 675 ## $a7.038.5(043)$vBN$zpor$31221253 675 ## $a77(043)$vBN$zpor$3341299 700 #1 $aRodrigues,$bMiguel Novais Jasmins$32001415 702 #1 $aMacedo,$bSusana de Sousa Dias de$4727$31271328 702 #1 $aHenriques,$bEduardo Brito,$f1969-$4727$3169982 801 #0 $aPT$bBN$gRPC 966 ## $lBN$mFGMON$sB.A. 53898 V.$x1 971 ## $cisantos$d20260623 973 ## $ctrodrigues$d20260701
Etiqueta de registo: 00254nam 2200025 450 001 2288556 003 http://id.bnportugal.gov.pt/bib/catbnp/2288556 100 ## $a20260623d2024 k y0pory01030103ba 101 0# $afre$dpor$deng 102 ## $aPT$aFR 105 ## $ay m 000yy 106 ## $ar 200 1# $aReflexões em torno da realização de um filme sobre emigração luso-francesa nos anos
1960$e os desafios da representação da história intima e familiar no cinema$dRéflexion autour de la réalisation d'un film sur l'immigration portugaise dans les
années 1960$e les enjeux de la répresentation de l'histoire intime et familiale au cinéma$fJorge Vaz Gomes$gorient. Susana de Sousa Dias Macedo, Laurent Véray$zfre 210 #9 $aLisboa ;$aParis$c[s.n.],$d2024 215 ## $a224 p.$d30 cm 328 #1 $aTese doutoramento Belas-Artes (Arte Multimédia), Universidade de Lisboa, Faculdade
de Belas-Artes, Université Sorbonne Nouvelle, 2024 510 1# $aRéflexion autour de la réalisation d'un film sur l'immigration portugaise dans les
années 1960$e les enjeux de la répresentation de l'histoire intime et familiale au cinéma$zfre 700 #1 $aGomes,$bJorge Vaz $32001336 702 #1 $aMacedo,$bSusana de Sousa Dias de$4727$31271328 702 #1 $aVéray,$bLaurent $32001341 801 #0 $aPT$bBN$gRPC 966 ## $lBN$mFGMON$x1 971 ## $cjbeatriz$d20260623
|
|
|